| 000 | 00702nam a22002177a 4500 | ||
|---|---|---|---|
| 999 |
_c192812 _d192812 |
||
| 005 | 20221006114907.0 | ||
| 010 | _aB-745931 | ||
| 020 |
_a9789353942052 _c299.00 |
||
| 035 | _aB-745931 | ||
| 037 | _bPearson | ||
| 082 | _a000 | ||
| 100 | _aThorpe, Edgar | ||
| 245 |
_aConcise General Knowledge Manual2021/ _cEdgar Thorpe |
||
| 250 | _a19th | ||
| 260 |
_aUttar Pradesh _bPearson _c2020 |
||
| 270 |
_a15th Floor, Tower-B, World Trade Tower, Plot No.1, Block-C, Sector-16, Noida _bUttar Pradesh _e201301 |
||
| 300 |
_axxx,8.56p. _c21cm (pbk) |
||
| 700 | _aThorpe, Showick | ||
| 942 |
_2ddc _cEN _mTHO _h000 |
||